Our green and living world : (Registro nro. 361)

Detalles MARC
000 -CABECERA
Campo de control 01469cam a2200361 a 4500
005 - FECHA Y HORA DE LA ULTIMA TRANSACCION
Campo de control 20200104041510.0
008 - ELEMENTOS DE LONGITUD FIJA—INFORMACION GENERAL
Campo de control 840605s1984 dcua b f001 0 eng
020 ## - ISBN
ISBN 0895990164
020 ## - ISBN
ISBN 0521268427 (Cambridge)
040 ## - FUENTE DE CATALOGACIÓN
Agencia catalogadora original DLC
Agencia transcriptora DLC
Agencia Modificadora DLC
-- CO-BoIAVH
041 0# - IDIOMA
Código de idioma para texto/pista de sonido o título separado Inglés
044 ## - PAÍS DE PUBLICACIÓN
País de publicación Estados Unidos
082 00 - NUMERO DE CLASIFICACION DECIMAL DEWEY
Número de clasificación 333.9516
Número del ítem A97o
100 1# - ASIENTO PRINCIPAL--NOMBRE PERSONAL
Nombre personal Ayensu, Edward S.
9 (RLIN) 7473
245 10 - MENCION DE TITULO
Título Our green and living world :
Parte restante del título the wisdom to save it /
Mención de responsabilidad by Edward S. Ayensu ... [et al.] ; a welcome by S. Dillon Ripley ; an introduction by HRH the Prince Philip ; an epilogue by Indira Gandhi ; special photography by Kjell B. Sandved and Edward S. Ayensu.
250 ## - MENCION DE EDICION
Mención de edición Primera edición
260 ## - PUBLICACION, DISTRIBUCION, ETC. (PIE DE IMPRENTA)
Lugar de publicación, distribución, etc. Washington, D.C. :
Nombre del editor, distribuidor, etc. Smithsonian Institution ;
Lugar de publicación, distribución, etc. Cambridge [Cambridgeshire] ;
-- New York, N.Y., U.S.A. :
Nombre del editor, distribuidor, etc. Cambridge University Press,
Fecha de publicación, distribución, etc. 1984.
300 ## - DESCRIPCION FISICA
Extensión 255 páginas :
Otros detalles físicos Ilustraciones (algunas a color);
Dimensiones 29 x 22 cm.
500 ## - NOTA GENERAL
Nota general Incluye índice.
504 ## - NOTA DE BIBLIOGRAFIA, ETC.
Nota de bibliografía Incluye referencias bibliográficas: páginas 248-249.
650 #0 - ASIENTO SECUNDARIO DE MATERIA - TERMINO TEMATICO
Término temático o nombre geográfico como elemento de entrada Nature conservation.
9 (RLIN) 62651
650 #0 - ASIENTO SECUNDARIO DE MATERIA - TERMINO TEMATICO
Término temático o nombre geográfico como elemento de entrada Ecology.
9 (RLIN) 193
650 #0 - ASIENTO SECUNDARIO DE MATERIA - TERMINO TEMATICO
Término temático o nombre geográfico como elemento de entrada Conservation of natural resources.
9 (RLIN) 34
650 16 - ASIENTO SECUNDARIO DE MATERIA - TERMINO TEMATICO
Término temático o nombre geográfico como elemento de entrada Ecología
9 (RLIN) 62654
650 26 - ASIENTO SECUNDARIO DE MATERIA - TERMINO TEMATICO
Término temático o nombre geográfico como elemento de entrada Desiertos
9 (RLIN) 3660
650 26 - ASIENTO SECUNDARIO DE MATERIA - TERMINO TEMATICO
Término temático o nombre geográfico como elemento de entrada Pastizales
9 (RLIN) 62656
650 26 - ASIENTO SECUNDARIO DE MATERIA - TERMINO TEMATICO
Término temático o nombre geográfico como elemento de entrada Leña
9 (RLIN) 5489
650 26 - ASIENTO SECUNDARIO DE MATERIA - TERMINO TEMATICO
Término temático o nombre geográfico como elemento de entrada Conservación de los recursos naturales
9 (RLIN) 62657
700 1# - ASIENTO SECUNDARIO - NOMBRE PERSONAL
Nombre personal Heywood, Vernon H.
9 (RLIN) 7216
710 1# - ASIENTO SECUNDARIO - NOMBRE CORPORATIVO
Nombre corporativo o de jurisdicción como elemento de entrada Lucas, Grenville L.
9 (RLIN) 62658
710 1# - ASIENTO SECUNDARIO - NOMBRE CORPORATIVO
Nombre corporativo o de jurisdicción como elemento de entrada Defilipps, Robert A.
9 (RLIN) 62659
942 ## - ELEMENTOS ADICIONALES (KOHA)
Sistema de clasificación Dewey Decimal Classification
Tipo de ítem Libro
Existencias
Withdrawn status Lost status Sistema de Clasificación Damaged status No para préstamo Colección Inventariado Ubicación Permanente Ubicación actual Fecha de adquisición Fuente de Valor Valor Total Checkouts Número topográfico Inventario / Código de Barras Date last seen Ejemplar Price effective from Forma de adquisición Tipo de material
    Dewey Decimal Classification     General Inventariado 2017 Bogotá Bogotá 01/02/1998 Amazon 20000.00   LB-333.9516 A97o 000505 04/12/2012 Ej. 1 04/12/2012   Libro